00493nam a2200169 a 4500008004100000020001500041050001500056100002500071245003600096250001200132260003800144300002100182350000900203490004400212650004100256650002600297100324s2000 ||||||||||||||||| || u a0763714976 aQA 300 Str aStrichartz, Robert S14aThe way of analysis. -- rev ed. arev ed. aBoston:bJones and Bartlettc2000 axix, 739p.: ill. a0.00 aJones and Bartlett books in mathematics 0aMATHEMATICS--HANDBOOKS, MANUALS, ETC aMATHEMATICAL ANALYSIS